| 000 | 00421nam a22001457a 4500 | ||
|---|---|---|---|
| 008 | 130531t xxu||||| |||| 00| 0 spa d | ||
| 020 | _a978-987-654-202-9 | ||
| 082 |
_214 _a616.24 |
||
| 245 | 0 | 0 |
_aEPOC. / _cLuis Lépori. |
| 260 |
_aBuenos Aires : _bLetbar Asociados, _c2009. |
||
| 300 |
_a66 p. _c15 cm. |
||
| 650 | 1 | 0 |
_aENFERMEDAD PULMONAR OBSTRUCTIVA CRONICA _91910 |
| 942 |
_2ddc _cLIBRO |
||
| 980 |
_81943 _gVALERIA BEATRIZ DOMÍNGUEZ |
||
| 999 |
_c761 _d761 |
||